[Event "RUS-chT Rapid"]
[Site "Sochi"]
[Date "2021.10.15"]
[Round "1.4"]
[White "Nuristani, Iman"]
[Black "Khanin, Semen"]
[Result "1-0"]
[WhiteElo "2171"]
[BlackElo "2521"]
[PlyCount "126"]
[EventDate "2021.10.15"]
[EventType "team-swiss (rapid)"]
[EventRounds "9"]
[EventCountry "RUS"]
[SourceTitle "CBM 204 Extra"]
[Source "ChessBase"]
[SourceDate "2021.11.30"]
[SourceVersion "1"]
[SourceVersionDate "2021.11.30"]
[SourceQuality "1"]
[WhiteTeam "Dagestan Yuzhnyy Veter"]
[BlackTeam "Novosibirsk Region"]
[WhiteTeamCountry "RUS"]
[BlackTeamCountry "RUS"]

1. d4 d5 2. Bf4 Nf6 3. e3 c5 4. c3 Nc6 5. Nf3 e6 6. Nbd2 Be7 7. Bd3 Nh5 8. Bg3 g6 9. dxc5 Bxc5 10. Bh4 Be7 11. Bxe7 Qxe7 12. c4 dxc4 13. Bxc4 0-0 14. 0-0 b6 15. Rc1 Bb7 16. Qe2 Rfd8 17. a3 Rac8 18. Ba6 Nf6 19. h3 e5 20. Bxb7 Qxb7 21. Nb3 e4 22. Nfd4 Ne5 23. Qb5 Nd3 24. Rxc8 Rxc8 25. Qg5 Nd5 26. Nf5 Qd7 27. Nbd4 f6 28. Qg4 Ne5 29. Nh6+ Kg7 30. Qh4 Re8 31. Rd1 Nd3 32. Ng4 h5 33. Nh2 Qd6 34. Nf1 Qe5 35. Ng3 a5 36. Rd2 a4 37. Qxe4 Nc5 38. Ndf5+ gxf5 39. Qxd5 Kg6 40. Ne2 Ne4 41. Nf4+ Kg7 42. Qb7+ Re7 43. Rd7 Kf7 44. Rxe7+ Qxe7 45. Qxb6 h4 46. Qb5 Qd6 47. Qxa4 Qd2 48. Qc4+ Kg7 49. Qe2 Qc1+ 50. Kh2 Nd2 51. Nd3 Qc7+ 52. f4 Ne4 53. Nf2 Ng3 54. Qd1 Qc5 55. Qd7+ Kh6 56. Qd3 Qc1 57. Nd1 Qc6 58. Nc3 Qa8 59. Qd6 Kg6 60. Nd5 Ne4 61. Ne7+ Kh5 62. Qe6 Kh6 63. Qf7 Qd8 1-0

[Event "RUS-chT Blitz"]
[Site "Sochi"]
[Date "2021.10.14"]
[Round "1.5"]
[White "Nuristani, Iman"]
[Black "Khanin, Semen"]
[Result "1-0"]
[WhiteElo "2171"]
[BlackElo "2521"]
[PlyCount "81"]
[EventDate "2021.10.14"]
[EventType "team-swiss (blitz)"]
[EventRounds "13"]
[EventCountry "RUS"]
[SourceTitle "CBM 204 Extra"]
[Source "ChessBase"]
[SourceDate "2021.11.30"]
[SourceVersion "1"]
[SourceVersionDate "2021.11.30"]
[SourceQuality "1"]
[WhiteTeam "Dagestan Yuzhnyy Veter"]
[BlackTeam "Novosibirsk Region"]
[WhiteTeamCountry "RUS"]
[BlackTeamCountry "RUS"]

1. d4 Nf6 2. Bg5 d5 3. Bxf6 gxf6 4. e3 c5 5. Nc3 Nc6 6. Nge2 e6 7. Qd2 Bd7 8. Nf4 cxd4 9. exd4 Bh6 10. g3 Qa5 11. Qd3 0-0-0 12. Bg2 Qb4 13. Nfe2 e5 14. 0-0 e4 15. Qd1 Be6 16. a3 Qd6 17. b4 f5 18. f4 Bg7 19. b5 Na5 20. Rb1 Nc4 21. Qc1 Qxa3 22. Qxa3 Nxa3 23. Ra1 Nxc2 24. Rac1 Nxd4 25. Nxe4+ Kb8 26. Nxd4 Bxd4+ 27. Nf2 Be3 28. Rcd1 d4 29. Kh1 Bc4 30. Nd3 Bb3 31. Ra1 Bc4 32. Rfd1 Bxb5 33. Nc5 Bc6 34. Bxc6 bxc6 35. Rdb1+ Kc7 36. Rxa7+ Kd6 37. Nb7+ Kd5 38. Ra5+ Ke4 39. Kg2 d3 40. Rb4+ Bd4 41. Re5# 1-0

[Event "RUS-ch Blitz"]
[Site "Sochi"]
[Date "2021.10.11"]
[Round "2"]
[White "Nuristani, Iman"]
[Black "Bocharov, Dmitry"]
[Result "0-1"]
[WhiteElo "2171"]
[BlackElo "2517"]
[PlyCount "94"]
[EventDate "2021.10.11"]
[EventType "swiss (blitz)"]
[EventRounds "13"]
[EventCountry "RUS"]
[SourceTitle "CBM 204 Extra"]
[Source "ChessBase"]
[SourceDate "2021.11.30"]
[SourceVersion "1"]
[SourceVersionDate "2021.11.30"]
[SourceQuality "1"]

1. d4 Nf6 2. Bg5 d5 3. Bxf6 gxf6 4. e3 c5 5. Nc3 Nc6 6. a3 cxd4 7. exd4 Bf5 8. Bd3 Bg6 9. Nge2 e6 10. h4 Bd6 11. h5 Bxd3 12. Qxd3 f5 13. g3 a6 14. Nd1 Qc7 15. Ne3 0-0-0 16. 0-0-0 Kb8 17. Kb1 Rc8 18. c4 dxc4 19. Nxc4 Nb4 20. axb4 Qxc4 21. d5 e5 22. Rh4 Qxd3+ 23. Rxd3 Rhg8 24. Rf3 Rg5 25. Re3 f6 26. Rc3 Rd8 27. Ka2 Rgg8 28. Rf3 Rg5 29. Ng1 e4 30. Rb3 Be5 31. f4 exf3 32. Rxf3 Bxg3 33. Rd4 Be5 34. Rd1 Rg2 35. Nh3 Rxb2+ 36. Ka3 Rh2 37. Nf2 Rxh5 38. Nd3 Bd6 39. Nb2 Rh4 40. Nd3 Rd4 41. Rxf5 Bxb4+ 42. Kb3 Be7 43. Kc3 R4xd5 44. Rf3 Bd6 45. Kc4 Be5 46. Rb1 Rd4+ 47. Kc3 Rxd3+ 0-1

[Event "Grozny Kadyrov Memorial rapid"]
[Site "Grozny"]
[Date "2019.06.10"]
[Round "7"]
[White "Eraschenkov, Denis"]
[Black "Nuristani, Iman"]
[Result "0-1"]
[WhiteElo "2379"]
[BlackElo "2239"]
[PlyCount "108"]
[EventDate "2019.06.09"]
[EventType "swiss (rapid)"]
[EventRounds "11"]
[EventCountry "RUS"]
[SourceTitle "CBM 190 Extra"]
[Source "ChessBase"]
[SourceDate "2019.07.15"]
[SourceVersion "1"]
[SourceVersionDate "2019.07.15"]
[SourceQuality "1"]

1. e4 e6 2. d4 d5 3. Nc3 dxe4 4. Nxe4 Bd7 5. Nf3 Bc6 6. Bd3 Nd7 7. 0-0 Ngf6 8. Ned2 Be7 9. Re1 0-0 10. Nc4 Bd5 11. Ne3 Be4 12. b3 Bb4 13. Rf1 Bxf3 14. Qxf3 Bc3 15. Rb1 c6 16. Ba3 Re8 17. Nc4 Bxd4 18. Nd6 Qa5 19. Nxe8 Rxe8 20. Bb2 Ne5 21. Qe2 Bxb2 22. Rxb2 Rd8 23. Rbb1 Nxd3 24. cxd3 Nd5 25. Rbc1 Nf4 26. Qe4 Rd4 27. Qe3 Qd5 28. Qf3 Qxf3 29. gxf3 Ne2+ 30. Kg2 Nxc1 31. Rxc1 Rxd3 32. Rc4 Rd5 33. Ra4 a6 34. Rb4 b5 35. Re4 Kf8 36. Kf1 Ke7 37. Ke2 Kd6 38. Rg4 g6 39. Ke3 h5 40. Rg1 c5 41. Rc1 Rd4 42. f4 Kd5 43. Rg1 Kd6 44. Rc1 a5 45. Rb1 Rd5 46. Rc1 e5 47. Rc2 exf4+ 48. Kxf4 a4 49. bxa4 Rd4+ 50. Kg5 Rxa4 51. f4 Rd4 52. Rf2 Rd5+ 53. Kf6 Rf5+ 54. Kg7 c4 0-1

[Event "Grozny Kadyrov Memorial rapid"]
[Site "Grozny"]
[Date "2019.06.10"]
[Round "11"]
[White "Nuristani, Iman"]
[Black "Kardashev, Kamil"]
[Result "1/2-1/2"]
[WhiteElo "2239"]
[BlackElo "2200"]
[PlyCount "57"]
[EventDate "2019.06.09"]
[EventType "swiss (rapid)"]
[EventRounds "11"]
[EventCountry "RUS"]
[SourceTitle "CBM 190 Extra"]
[Source "ChessBase"]
[SourceDate "2019.07.15"]
[SourceVersion "1"]
[SourceVersionDate "2019.07.15"]
[SourceQuality "1"]

1. d4 Nf6 2. Bg5 g6 3. Bxf6 exf6 4. Nf3 Bg7 5. g3 0-0 6. Bg2 f5 7. 0-0 d6 8. c4 c6 9. Nc3 Nd7 10. a4 a5 11. Qc2 Nf6 12. e3 Re8 13. Ne1 h5 14. h4 Ng4 15. Nf3 Bh6 16. Rfe1 Bd7 17. Rab1 Qf6 18. Qb3 Bc8 19. Rbd1 Qd8 20. d5 c5 21. Qc2 Bd7 22. Qb3 Qc7 23. Re2 Bg7 24. Rde1 Re7 25. Nb5 Bxb5 26. Qxb5 Rae8 27. Ng5 Bf6 28. Nf3 Kg7 29. Qb3 1/2-1/2

[Event "Moscow op-A 15th"]
[Site "Moscow"]
[Date "2019.01.26"]
[Round "1"]
[White "Iljiushenok, Ilia"]
[Black "Nuristani, Iman"]
[Result "1-0"]
[WhiteElo "2533"]
[BlackElo "2242"]
[PlyCount "142"]
[EventDate "2019.01.26"]
[EventType "swiss"]
[EventRounds "9"]
[EventCountry "RUS"]
[SourceTitle "CBM 188 Extra"]
[Source "ChessBase"]
[SourceDate "2019.02.26"]
[SourceVersion "1"]
[SourceVersionDate "2019.02.26"]
[SourceQuality "1"]

1. e4 e6 2. d4 d5 3. Nc3 dxe4 4. Nxe4 Bd7 5. Nf3 Bc6 6. Bd3 Nd7 7. 0-0 Ngf6 8. Ned2 Be7 9. Re1 Bxf3 10. Qxf3 c6 11. Nc4 0-0 12. c3 Re8 13. Bf4 Nf8 14. h3 Qd5 15. Qe2 Ng6 16. Bh2 Nh4 17. Ne3 Qg5 18. f4 Qh6 19. Qf2 Nd5 20. Ng4 Qh5 21. Ne5 Ng6 22. Be2 Qh4 23. Bg3 Qf6 24. Nd7 Qf5 25. Bg4 Qd3 26. f5 exf5 27. Bxf5 Qa6 28. h4 Nf6 29. Ne5 Qa5 30. Bc2 Nxe5 31. Rxe5 Qd8 32. Rae1 Bf8 33. Qf5 g6 34. Qf3 Rxe5 35. Bxe5 Nd5 36. Rf1 f6 37. Bg3 Bd6 38. Be1 Kg7 39. c4 Nf4 40. g3 Nh5 41. g4 Nf4 42. Bd2 Ne6 43. Bc3 Nf4 44. Bd2 Ne6 45. Be3 Qe7 46. h5 Ng5 47. Bxg5 fxg5 48. hxg6 hxg6 49. Qe4 Qxe4 50. Bxe4 Re8 51. Bf3 Re7 52. Rd1 Kf6 53. Kf2 Bf4 54. Rd3 Rh7 55. c5 Rd7 56. b4 Bc1 57. a4 Bb2 58. Ke3 Bc1+ 59. Ke2 Bb2 60. d5 cxd5 61. Bxd5 Ke5 62. Bf3 Bd4 63. b5 Rc7 64. c6 bxc6 65. bxc6 Re7 66. a5 Kd6+ 67. Kd2 Kc5 68. Kc2 Rh7 69. Kb3 Re7 70. Bg2 Re2 71. c7 Rb2+ 1-0

[Event "RUS-chT blitz"]
[Site "Sochi"]
[Date "2018.10.10"]
[Round "8.7"]
[White "Murzin, Volodar"]
[Black "Nuristani, Iman"]
[Result "0-1"]
[WhiteElo "2340"]
[BlackElo "2242"]
[PlyCount "98"]
[EventDate "2018.10.10"]
[EventType "team-swiss (blitz)"]
[EventRounds "15"]
[EventCountry "RUS"]
[SourceTitle "CBM 186 Extra"]
[Source "ChessBase"]
[SourceDate "2018.08.24"]
[SourceVersion "1"]
[SourceVersionDate "2018.08.24"]
[SourceQuality "1"]
[WhiteTeam "Sochi Archibald Chess"]
[BlackTeam "Stavropol Region"]
[WhiteTeamCountry "RUS"]
[BlackTeamCountry "RUS"]

1. e4 e6 2. d3 d5 3. Nd2 Nf6 4. Ngf3 dxe4 5. dxe4 b6 6. c3 Bb7 7. Qc2 Be7 8. Be2 Nbd7 9. 0-0 0-0 10. e5 Nd5 11. Ne4 h6 12. a3 Nc5 13. Nxc5 bxc5 14. c4 Nb6 15. Be3 Qd7 16. Rfd1 Qc6 17. Ne1 Qe4 18. Qc3 Qg6 19. f4 a5 20. Bf3 Bxf3 21. Nxf3 Qe4 22. Nd2 Qc6 23. Qc2 a4 24. Ne4 Rad8 25. Kf2 Rb8 26. Rd2 Rb7 27. Rad1 Rfb8 28. Kf1 Bf8 29. Bxc5 Bxc5 30. Nxc5 g6 31. Nxb7 Rxb7 32. Rd8+ Kg7 33. Qd3 Nxc4 34. Rc8 Qa6 35. Qe2 Ne3+ 36. Ke1 Qxe2+ 37. Kxe2 Nxd1 38. Ke1 Rxb2 39. Kxd1 Ra2 40. g3 Rxa3 41. Rxc7 Ra2 42. Ra7 h5 43. Ke1 a3 44. Kf1 Kf8 45. Kg1 Ke8 46. h4 Kd8 47. Kh1 Rc2 48. Rxf7 a2 49. Ra7 Rc1+ 0-1

[Event "RUS-chT blitz"]
[Site "Sochi"]
[Date "2018.10.10"]
[Round "13.3"]
[White "Nuristani, Iman"]
[Black "Khanin, Semen"]
[Result "0-1"]
[WhiteElo "2242"]
[BlackElo "2510"]
[PlyCount "126"]
[EventDate "2018.10.10"]
[EventType "team-swiss (blitz)"]
[EventRounds "15"]
[EventCountry "RUS"]
[SourceTitle "CBM 186 Extra"]
[Source "ChessBase"]
[SourceDate "2018.08.24"]
[SourceVersion "1"]
[SourceVersionDate "2018.08.24"]
[SourceQuality "1"]
[WhiteTeam "Stavropol Region"]
[BlackTeam "Novosibirsk"]
[WhiteTeamCountry "RUS"]
[BlackTeamCountry "RUS"]

1. d4 Nf6 2. c4 e6 3. Nc3 Bb4 4. a3 Bxc3+ 5. bxc3 c5 6. e3 d6 7. Bd3 Nc6 8. Ne2 b6 9. Ng3 0-0 10. e4 cxd4 11. cxd4 Nxd4 12. Bb2 e5 13. 0-0 Qc7 14. Rc1 Qc5 15. h3 Ne6 16. Ne2 Bb7 17. Qc2 Rac8 18. Kh1 Ng5 19. Ng3 Ne6 20. Ne2 Qc6 21. Nc3 Nc5 22. Nd5 Qd7 23. Nxf6+ gxf6 24. f4 Qc6 25. Rce1 Kh8 26. Rf3 Nxd3 27. Qxd3 Rg8 28. fxe5 dxe5 29. Ref1 Rg6 30. Rxf6 Qxe4 31. Qxe4 Bxe4 32. Bxe5 Kg8 33. Rxg6+ hxg6 34. Rc1 Bd3 35. Rc3 Bxc4 36. h4 Kf8 37. Re3 Be6 38. Kh2 Ke8 39. Bf6 Kd7 40. Rd3+ Ke8 41. Kg3 b5 42. Kf4 a5 43. g4 b4 44. axb4 axb4 45. h5 gxh5 46. gxh5 Kf8 47. Rd8+ Rxd8 48. Bxd8 Kg7 49. Ba5 b3 50. Bc3+ Kh6 51. Bb2 Kxh5 52. Bc3 Kh4 53. Bb2 Kh3 54. Bc3 Kg2 55. Ke3 f5 56. Bb2 Kg3 57. Be5+ Kg4 58. Bb2 f4+ 59. Kf2 Kf5 60. Bc3 Ke4 61. Bb2 Bd5 62. Ba1 Kd3 63. Be5 f3 0-1

[Event "RUS-chT rapid"]
[Site "Sochi"]
[Date "2018.10.09"]
[Round "8.8"]
[White "Kuzmin, Roman"]
[Black "Nuristani, Iman"]
[Result "1-0"]
[WhiteElo "2127"]
[BlackElo "2242"]
[PlyCount "107"]
[EventDate "2018.10.08"]
[EventType "team-swiss (rapid)"]
[EventRounds "9"]
[EventCountry "RUS"]
[SourceTitle "CBM 186 Extra"]
[Source "ChessBase"]
[SourceDate "2018.08.24"]
[SourceVersion "1"]
[SourceVersionDate "2018.08.24"]
[SourceQuality "1"]
[WhiteTeam "ShK GM Center Karpov"]
[BlackTeam "Stavropol Region"]
[WhiteTeamCountry "RUS"]
[BlackTeamCountry "RUS"]

1. e4 e6 2. d4 d5 3. Nd2 c5 4. Ngf3 a6 5. exd5 exd5 6. Be2 c4 7. 0-0 Bd6 8. c3 Ne7 9. b3 b5 10. a4 Bb7 11. axb5 axb5 12. Rxa8 Bxa8 13. bxc4 bxc4 14. Ba3 0-0 15. Bxd6 Qxd6 16. Qc2 Nd7 17. Ra1 Bc6 18. g3 Rb8 19. Nf1 h6 20. Ne3 Rb3 21. Nd2 Rb5 22. Bf3 Qb8 23. Ra2 g6 24. Kg2 Kg7 25. h4 h5 26. Kg1 Rb7 27. Kh1 Ra7 28. Kg2 Qa8 29. Rxa7 Qxa7 30. Qb2 Qb6 31. Qa3 Nc8 32. Nxd5 Qb7 33. Qa5 Ncb6 34. Nxb6 Bxf3+ 35. Nxf3 Nxb6 36. Qe5+ f6 37. Qc5 Kh7 38. Qf8 Nd5 39. Kh2 Qc7 40. Nd2 Qc6 41. Qf7+ Kh6 42. Ne4 g5 43. hxg5+ fxg5 44. Qf8+ Kg6 45. Qg8+ Kf5 46. f3 g4 47. Qf7+ Nf6 48. Qxf6+ Qxf6 49. Nxf6 gxf3 50. Nxh5 Ke4 51. Kg1 Kd3 52. d5 Ke2 53. Nf4+ Ke1 54. Nh3 1-0

[Event "RUS-ch blitz"]
[Site "Sochi"]
[Date "2018.10.07"]
[Round "13.36"]
[White "Murzin, Volodar"]
[Black "Nuristani, Iman"]
[Result "1-0"]
[WhiteElo "2340"]
[BlackElo "2242"]
[PlyCount "59"]
[EventDate "2018.10.07"]
[EventType "swiss (blitz)"]
[EventRounds "20"]
[EventCountry "RUS"]
[SourceTitle "CBM 186 Extra"]
[Source "ChessBase"]
[SourceDate "2018.08.24"]
[SourceVersion "1"]
[SourceVersionDate "2018.08.24"]
[SourceQuality "1"]

1. e4 e6 2. d3 d5 3. Nd2 c5 4. Ngf3 Nf6 5. g3 g6 6. Bg2 Bg7 7. 0-0 0-0 8. Re1 Nc6 9. c3 b6 10. e5 Nd7 11. d4 a5 12. a4 Ba6 13. Nf1 Rc8 14. Bg5 Qc7 15. Qd2 Rfe8 16. Bh6 cxd4 17. Bxg7 Kxg7 18. cxd4 Nb4 19. Ne3 h6 20. Rec1 Qb7 21. Ng4 Rh8 22. Rxc8 Qxc8 23. Rc1 Qb7 24. h4 h5 25. Nf6 Nd3 26. Rc3 Nxf6 27. exf6+ Kxf6 28. Bf1 Nb4 29. Qf4+ Kg7 30. Rc7 1-0

[Event "RUS-ch blitz"]
[Site "Sochi"]
[Date "2018.10.07"]
[Round "14.36"]
[White "Nuristani, Iman"]
[Black "Murzin, Volodar"]
[Result "0-1"]
[WhiteElo "2242"]
[BlackElo "2340"]
[PlyCount "100"]
[EventDate "2018.10.07"]
[EventType "swiss (blitz)"]
[EventRounds "20"]
[EventCountry "RUS"]
[SourceTitle "CBM 186 Extra"]
[Source "ChessBase"]
[SourceDate "2018.08.24"]
[SourceVersion "1"]
[SourceVersionDate "2018.08.24"]
[SourceQuality "1"]

1. d4 Nf6 2. c4 g6 3. Nc3 Bg7 4. e4 0-0 5. Be2 d6 6. Bg5 Nbd7 7. Qd2 e5 8. Nf3 exd4 9. Nxd4 Nc5 10. Qf4 Ne6 11. Nxe6 fxe6 12. Qh4 e5 13. Nd5 Be6 14. Bg4 Bxg4 15. Bxf6 Bxf6 16. Qxg4 Bg7 17. 0-0 c6 18. Ne3 Qe7 19. g3 Rf6 20. Rad1 Raf8 21. Ng2 h5 22. Qe2 Kh7 23. Nh4 Bh6 24. Rd3 Qf7 25. Kg2 Qxc4 26. b3 Qe6 27. Rfd1 Qe7 28. Nf3 d5 29. Kg1 d4 30. Kg2 c5 31. Rf1 b6 32. Nd2 Qe6 33. Nc4 h4 34. h3 hxg3 35. Rxg3 Rf4 36. Nd2 Qc6 37. f3 Rh4 38. Nc4 Bf4 39. Rg4 Rh5 40. Qf2 Qf6 41. Rh1 Kg7 42. a3 Rfh8 43. b4 b5 44. Nb2 c4 45. a4 a6 46. axb5 axb5 47. Ra1 Qe7 48. h4 Rxh4 49. Rxh4 Rxh4 50. Ra7 Rh2+ 0-1

[Event "RUS-ch rapid"]
[Site "Sochi"]
[Date "2018.10.06"]
[Round "6.23"]
[White "Belyakov, Bogdan"]
[Black "Nuristani, Iman"]
[Result "1-0"]
[WhiteElo "2458"]
[BlackElo "2242"]
[PlyCount "135"]
[EventDate "2018.10.05"]
[EventType "swiss (rapid)"]
[EventRounds "11"]
[EventCountry "RUS"]
[SourceTitle "CBM 186 Extra"]
[Source "ChessBase"]
[SourceDate "2018.08.24"]
[SourceVersion "1"]
[SourceVersionDate "2018.08.24"]
[SourceQuality "1"]

1. e4 e6 2. d4 d5 3. Nc3 dxe4 4. Nxe4 Bd7 5. Nf3 Bc6 6. Bd3 Nd7 7. 0-0 Ngf6 8. Neg5 Qe7 9. c4 h6 10. d5 hxg5 11. dxc6 bxc6 12. Bxg5 Qd6 13. Qe2 Be7 14. Rad1 Qc5 15. h3 Rb8 16. Rfe1 Bd6 17. b3 a6 18. Bb1 Kf8 19. Rd3 Re8 20. Red1 Ne5 21. Nxe5 Qxe5 22. Qxe5 Bxe5 23. b4 Bd6 24. c5 Be5 25. f4 Bb2 26. Rb3 Ba1 27. Bc2 Nd5 28. Rxa1 f6 29. Rab1 fxg5 30. fxg5 Ke7 31. Ra3 Rb8 32. Rxa6 Kd7 33. a3 Nc3 34. Rb3 Ne2+ 35. Kf2 Nd4 36. Rd3 e5 37. Ba4 Rhf8+ 38. Ke3 Ke6 39. Bxc6 Kf5 40. Be4+ Kxg5 41. Rg6+ Kh5 42. Rxg7 Nc2+ 43. Kd2 Rf2+ 44. Kc3 Nd4 45. Rh7+ Kg5 46. Rg3+ Kf4 47. Rg4+ Ke3 48. Bd3 Ra2 49. Re4+ Kf2 50. Rxe5 Rd8 51. Rf7+ Kg3 52. Re3+ Kh2 53. Rxc7 Rxa3+ 54. Kc4 Nc2 55. Bxc2 Rxe3 56. Rg7 Re2 57. Bf5 Rf2 58. Bd7 Rf4+ 59. Kb3 Rd4 60. Kc3 R4xd7 61. Rxd7 Rxd7 62. c6 Rd1 63. b5 Kg3 64. Kc4 Kf4 65. b6 Rc1+ 66. Kd5 Rd1+ 67. Ke6 Re1+ 68. Kd7 1-0

[Event "RUS-chT2"]
[Site "Sochi"]
[Date "2018.05.05"]
[Round "5.3"]
[White "Saulin, Dmitri"]
[Black "Nuristani, Iman"]
[Result "0-1"]
[WhiteElo "2376"]
[BlackElo "2132"]
[PlyCount "84"]
[EventDate "2018.05.01"]
[EventType "team-swiss"]
[EventRounds "9"]
[EventCountry "RUS"]
[SourceTitle "CBM 184 Extra"]
[Source "ChessBase"]
[SourceDate "2018.06.28"]
[SourceVersion "1"]
[SourceVersionDate "2018.06.28"]
[SourceQuality "1"]
[WhiteTeam "Moscow Automatics"]
[BlackTeam "Stavropol Region"]
[WhiteTeamCountry "RUS"]
[BlackTeamCountry "RUS"]

1. d4 e6 2. Nf3 Nf6 3. g3 b6 4. Bg2 Bb7 5. 0-0 Be7 6. c4 0-0 7. d5 exd5 8. Nh4 c6 9. cxd5 Nxd5 10. Nf5 Bf6 11. e4 Ne7 12. Nd6 Ba6 13. Re1 Nc8 14. e5 Nxd6 15. exf6 Qxf6 16. Nc3 Nc4 17. Ne4 Qg6 18. b3 Ne5 19. Ba3 d5 20. Bxf8 Kxf8 21. Nc5 bxc5 22. Rxe5 Nd7 23. Re3 Qd6 24. Rc1 d4 25. Re1 Ne5 26. Qh5 Nd3 27. Qxh7 Qh6 28. Qf5 g6 29. Qd7 Nxc1 30. Qxc6 Ne2+ 31. Kh1 Re8 32. Rd1 Re6 33. Qxc5+ Kg7 34. Bf3 d3 35. b4 Rf6 36. Qe5 Qh3 37. g4 Bc4 38. Bg2 Qxg4 39. Rd2 Qd4 40. Qxd4 Nxd4 41. Be4 Nf3 42. Rd1 d2 0-1

[Event "RUS-chT2"]
[Site "Sochi"]
[Date "2018.05.02"]
[Round "2.3"]
[White "Savitskiy, Sergey"]
[Black "Nuristani, Iman"]
[Result "0-1"]
[WhiteElo "2416"]
[BlackElo "2132"]
[PlyCount "90"]
[EventDate "2018.05.01"]
[EventType "team-swiss"]
[EventRounds "9"]
[EventCountry "RUS"]
[SourceTitle "CBM 184 Extra"]
[Source "ChessBase"]
[SourceDate "2018.06.28"]
[SourceVersion "1"]
[SourceVersionDate "2018.06.28"]
[SourceQuality "1"]
[WhiteTeam "Yamal Region"]
[BlackTeam "Stavropol Region"]
[WhiteTeamCountry "RUS"]
[BlackTeamCountry "RUS"]

1. e4 e6 2. d4 d5 3. Nc3 Nf6 4. e5 Nfd7 5. f4 c5 6. Nf3 Nc6 7. Be3 cxd4 8. Nxd4 Bc5 9. Qd2 Bxd4 10. Bxd4 Nxd4 11. Qxd4 Qb6 12. 0-0-0 Qxd4 13. Rxd4 a6 14. Be2 h5 15. Bf3 g6 16. Rhd1 Rb8 17. a4 b6 18. b4 Bb7 19. Kb2 0-0 20. Na2 Bc6 21. c4 Bxa4 22. R1d2 f6 23. Nc3 fxe5 24. fxe5 Nxe5 25. Nxa4 Nxc4+ 26. Rxc4 dxc4 27. Rd6 Rf5 28. Rxe6 Rb5 29. Nc3 Rxb4+ 30. Kc2 Kg7 31. Be4 a5 32. Rxg6+ Kf7 33. Rc6 b5 34. Bd5+ Kg7 35. h4 a4 36. Ne4 a3 37. Ng3 Rb2+ 38. Kc1 Rf2 39. Nxh5+ Kf8 40. Rf6+ Rxf6 41. Nxf6 Ke7 42. Ne4 Rd8 43. Nc3 b4 44. Kc2 bxc3 45. Bxc4 Rd2+ 0-1

[Event "Moscow op-A 14th"]
[Site "Moscow"]
[Date "2018.01.28"]
[Round "2"]
[White "Primbetov, Kazbek"]
[Black "Nuristani, Iman"]
[Result "1-0"]
[WhiteElo "2263"]
[BlackElo "2104"]
[PlyCount "73"]
[EventDate "2018.01.27"]
[EventType "swiss"]
[EventRounds "9"]
[EventCountry "RUS"]
[SourceTitle "CBM 182 Extra"]
[Source "ChessBase"]
[SourceDate "2018.02.23"]
[SourceVersion "1"]
[SourceVersionDate "2018.02.23"]
[SourceQuality "1"]

1. e4 e6 2. d4 d5 3. e5 c5 4. c3 Nc6 5. Nf3 Qb6 6. a3 Bd7 7. b4 cxd4 8. cxd4 Rc8 9. Bb2 Na5 10. Nbd2 Nc4 11. Nxc4 dxc4 12. Rc1 Qa6 13. d5 Ne7 14. d6 Nd5 15. Ng5 h6 16. Ne4 b5 17. Nc5 Qc6 18. Be2 Qb6 19. Bd4 Qd8 20. h4 Rxc5 21. Bxc5 Nf4 22. Qd4 g5 23. g3 Nxe2 24. Kxe2 h5 25. hxg5 Qxg5 26. Qe4 Qd8 27. Qf3 Bg7 28. Rxh5 Rxh5 29. Qxh5 Qa8 30. Qh4 Bf8 31. f3 a5 32. Rd1 axb4 33. Bxb4 c3 34. Qe4 Qc8 35. Rc1 Bc6 36. Rxc3 Kd7 37. Qxc6+ 1-0

[Event "Sochi Doroshkevich Amateur op"]
[Site "Sochi"]
[Date "2017.12.25"]
[Round "5"]
[White "Nuristani, Iman"]
[Black "Gubernatorov, Sergey"]
[Result "0-1"]
[WhiteElo "2058"]
[BlackElo "2256"]
[PlyCount "78"]
[EventDate "2017.12.21"]
[EventType "swiss"]
[EventRounds "9"]
[EventCountry "RUS"]
[SourceTitle "CBM 182 Extra"]
[Source "ChessBase"]
[SourceDate "2018.02.23"]
[SourceVersion "1"]
[SourceVersionDate "2018.02.23"]
[SourceQuality "1"]

1. d4 Nf6 2. c4 g6 3. Nc3 d5 4. cxd5 Nxd5 5. e4 Nxc3 6. bxc3 c5 7. Nf3 Bg7 8. Be2 Nc6 9. Be3 Bg4 10. e5 cxd4 11. cxd4 0-0 12. 0-0 Be6 13. Qd2 Bd5 14. Rab1 a6 15. Rfd1 b5 16. Bh6 Qa5 17. Qe3 Qxa2 18. Bxg7 Kxg7 19. Ra1 Qb3 20. Qf4 f6 21. Qh4 Rad8 22. Rxa6 Bxf3 23. gxf3 Nxe5 24. Qe4 Nf7 25. Qxe7 Rde8 26. Qxf6+ Kg8 27. Rd3 Qc4 28. Re3 Qc1+ 29. Kg2 Rxe3 30. fxe3 Qxe3 31. Bxb5 Nd6 32. Qxd6 Qxf3+ 33. Kg1 Qf2+ 34. Kh1 Qe1+ 35. Kg2 Rf2+ 36. Kh3 Qe3+ 37. Qg3 Rf3 38. Rd6 Rxg3+ 39. hxg3 Kg7 0-1

[Event "Sochi Doroshkevich Amateur op"]
[Site "Sochi"]
[Date "2017.12.24"]
[Round "4"]
[White "Nuristani, Iman"]
[Black "Chechetko, Georgy"]
[Result "1-0"]
[WhiteElo "2058"]
[BlackElo "1852"]
[PlyCount "59"]
[EventDate "2017.12.21"]
[EventType "swiss"]
[EventRounds "9"]
[EventCountry "RUS"]
[SourceTitle "CBM 182 Extra"]
[Source "ChessBase"]
[SourceDate "2018.02.23"]
[SourceVersion "1"]
[SourceVersionDate "2018.02.23"]
[SourceQuality "1"]

1. d4 Nf6 2. c4 g6 3. Nc3 Bg7 4. e4 d6 5. Be2 0-0 6. Bg5 c5 7. d5 b5 8. cxb5 Qa5 9. Bd2 Nbd7 10. Nf3 a6 11. a4 Bb7 12. 0-0 Rfb8 13. Qc2 Qd8 14. h3 e6 15. dxe6 fxe6 16. Bf4 Qe7 17. Bc4 Nb6 18. Ba2 axb5 19. axb5 Rd8 20. Rfe1 Ne8 21. Bg5 Bf6 22. Bxf6 Nxf6 23. e5 Nfd5 24. exd6 Qxd6 25. Ne4 Nb4 26. Nxd6 Nxc2 27. Nxb7 Nxe1 28. Rxe1 Re8 29. Bxe6+ Kg7 30. Nxc5 1-0

[Event "Sochi Doroshkevich Amateur op"]
[Site "Sochi"]
[Date "2017.12.23"]
[Round "3"]
[White "Rjabzev, Konstantin"]
[Black "Nuristani, Iman"]
[Result "1-0"]
[WhiteElo "2265"]
[BlackElo "2058"]
[PlyCount "119"]
[EventDate "2017.12.21"]
[EventType "swiss"]
[EventRounds "9"]
[EventCountry "RUS"]
[SourceTitle "CBM 182 Extra"]
[Source "ChessBase"]
[SourceDate "2018.02.23"]
[SourceVersion "1"]
[SourceVersionDate "2018.02.23"]
[SourceQuality "1"]

1. e4 e6 2. d4 d5 3. Nd2 c5 4. exd5 exd5 5. Ngf3 a6 6. Be2 c4 7. c3 Bd6 8. b3 b5 9. a4 Bb7 10. Ba3 Ne7 11. Bxd6 Qxd6 12. axb5 axb5 13. Rxa8 Bxa8 14. b4 0-0 15. 0-0 Bb7 16. Qc2 Ng6 17. g3 Nc6 18. Ra1 Re8 19. Bf1 Qf6 20. Bg2 h6 21. Nf1 Nge7 22. Ne3 Qd6 23. Re1 Ra8 24. h4 Rf8 25. Nf5 Nxf5 26. Qxf5 g6 27. Qc2 Bc8 28. Qd2 Kg7 29. Ne5 Be6 30. Qf4 Nxe5 31. dxe5 Qe7 32. Ra1 Re8 33. Qd4 Rb8 34. Ra6 Rd8 35. Rb6 Qa7 36. Kh2 Rd7 37. Bh3 Rb7 38. Rxb7 Qxb7 39. Bg2 Qa8 40. g4 Qa2 41. Kg3 Qc2 42. Bf3 Kg8 43. Bd1 Qc1 44. f4 Qb1 45. h5 Qc1 46. hxg6 fxg6 47. Bf3 Qe1+ 48. Kg2 Qh4 49. Qb6 Kf7 50. Qb7+ Qe7 51. Qxe7+ Kxe7 52. Kf2 Bc8 53. Ke3 Ke6 54. Kd4 Bb7 55. Bxd5+ Bxd5 56. f5+ gxf5 57. gxf5+ Kxf5 58. Kxd5 h5 59. e6 h4 60. e7 1-0